00000000nam 2200000za 4500
0019.611058
003CaOODSP
00520241118080049
007ta
008150406|1994||||xxc|||||     f|0| 0 eng d
020 |a0-662-21491-9
040 |aCaOODSP|beng
043 |an-cn---
0861 |aP62-40/2-1994E
1102 |aCanada Communication Group. |bPublishing.
24510|aEnvironment catalogue.
260 |aOttawa - Ontario : |bCanada Communication Group. |c1994.
300 |a32p. : |billus. ; |c23 cm.
4901 |aCanada Communication Group publications on
500 |a"This catalogue has been produced to provide you with the most accurate and up-to-date information on the environment available from the Canadian federal government. The priced publications listed, cover a wide range of environmental issues and are available in both official languages."--Page 1. N.B.: Incorrect ISBN (0-660-21491-9) printed in this publication.
5203 |aThis catalogue has been produced to provide you with the most accurate and up-to-date information on the environment available from the Canadian federal government. The priced publications listed, cover a wide range of environmental issues and are available in both official languages.--Page 1
563 |aSoftcover
590 |a94-18|b1994-05-06
69007|aEnvironment|2gcpds
69007|aGovernment publications|2gcpds
7760#|tEnvironment catalogue.|w(CaOODSP)9.945254
830#0|aCanada Communication Group publications on.|w(CaOODSP)9.514855